| 000 | 00371nam a22001457a 4500 | ||
|---|---|---|---|
| 999 |
_c11968 _d11968 |
||
| 020 | _a0442295782 | ||
| 020 | _a978-0442295783 | ||
| 082 | _a624.02ZIL | ||
| 100 | _aZilly, Robert G | ||
| 245 | _aHandbook of Environmental Civil Engineering | ||
| 260 |
_aNew York: _bVan Nostron, _c1975. |
||
| 300 | _a1029p. ; | ||
| 650 | _aEnvironmental Civil Engineering | ||
| 942 | _cBK | ||